| 000 | 00623nam a22001937a 4500 | ||
|---|---|---|---|
| 005 | 20241025114045.0 | ||
| 010 | _aENG-142373 | ||
| 020 |
_a9789354425998 _c1150.00 |
||
| 035 | _aEN-125905 | ||
| 037 | _bDBAD | ||
| 082 |
_a327.54 _21 |
||
| 100 |
_aBasrur, Rajesh _973438 |
||
| 245 |
_aSubcontinental Drift: _bDomestic Politics and India's Foreign Policy/ _cBy Rajesh Basrur |
||
| 250 | _a1 | ||
| 260 |
_aHyderabad _bOrient Blackswan Private Ltd _c2023 |
||
| 270 |
_a3-6-752, Himayatnagar _bHyderabad _e500029 _minfo@orintblackswan.com |
||
| 300 |
_axiv,252p. _c23cm(pb) |
||
| 942 |
_2ddc _cEN _h327.54 _mBAS |
||
| 999 |
_c206741 _d206741 |
||